U.S. State Trivia by Letter - H - Statistics

General Stats
  • This quiz has been taken 155 times
  • The average score is 15 of 18
Answer Stats
Hint Answer % Correct
Only state composed entirely of islands Hawaii
98%
Oldest university in the country Harvard
96%
Neighborhood of Los Angeles famous for its film industry Hollywood
95%
Who do astronauts call when they have a problem? Houston
95%
River located between New Jersey and Manhattan Island Hudson
91%
City where Pearl Harbor is located Honolulu
88%
What were Andrew, Katrina, and Sandy? Hurricanes
88%
President at the start of the Great Depression Herbert Hoover
86%
Headquarters of the largest chocolate manufacturer in North America Hershey
86%
Capital of Pennsylvania Harrisburg
84%
Capital of Connecticut Hartford
84%
Capital of Montana Helena
83%
Broadway musical named after one of the Founding Fathers Hamilton
82%
Last name of Presidents William Henry and Benjamin Harrison
80%
What a person from Indiana is called Hoosier
74%
Popular resort island in South Carolina {Hilton} Head
57%
Family who had a famous feud with the McCoys Hatfields
50%
City in Arkansas where Bill Clinton was born Hope
38%
No matching quizzes found
Score Distribution
Percent of People with Each Score
Percentile by Number Answered
Your Score History
You have not taken this quiz